Normal view
MARC view
Entry Topical Term
001 - CONTROL NUMBER
- control field: 14457
003 - CONTROL NUMBER IDENTIFIER
- control field: OSt
005 - DATE AND TIME OF LATEST TRANSACTION
- control field: 20211105133812.0
008 - FIXED-LENGTH DATA ELEMENTS
- fixed length control field: 211105|| aca||aabn | a|a d
040 ## - CATALOGING SOURCE
- Original cataloging agency: OSt
- Transcribing agency: OSt
150 ## - HEADING--TOPICAL TERM
- Topical term or geographic name entry element: Stellar quantities Calibration
670 ## - SOURCE DATA FOUND
- Source citation: Work cat.: (OSt): Symposium of the International Astronomical Union on the Search for Extraterrestrial Life, Recent Developmnents 112th Boston 1984 June 18-21 14456, The search for extraterrestrial life: recent developmnents, 1985